[Event "ICS rated blitz match"]
[Site "204.178.125.65"]
[Date "2000.07.31"]
[Round "?"]
[White "Hossa"]
[Black "MissSilicon"]
[Result "0-1"]
[WhiteElo "2503"]
[BlackElo "2754"]
[PlyCount "104"]
[EventDate "2000.??.??"]

1. e4 Nf6 2. e5 Nd5 3. c4 Nb6 4. d4 d6 5. f4 dxe5 6. fxe5 Nc6 7. Be3 Bf5 8. Nf3
e6 9. Nc3 Be7 10. d5 Nb4 11. Nd4 Bg6 12. dxe6 c5 13. exf7+ Kxf7 14. Qf3+ Kg8
15. O-O-O cxd4 16. Rxd4 Qc7 17. e6 Bf6 18. Rf4 Qe5 19. Bd4 Qe1+ 20. Qd1 Qxd1+
21. Kxd1 Bg5 22. Bc5 Bxf4 23. Bxb4 Rd8+ 24. Ke1 Rd4 25. g3 Bd2+ 26. Kf2 Nxc4
27. Bxc4 Rxc4 28. Rd1 Rxb4 29. Rxd2 h6 30. e7 Kf7 31. Nd5 Re4 32. b3 Rc8 33. a4
Re5 34. g4 Rc2 35. Rxc2 Bxc2 36. e8=Q+ Kxe8 37. Nc3 Bxb3 38. h3 Bc2 39. h4 Rc5
40. Nb5 Bxa4 41. Nd6+ Ke7 42. Nf5+ Kf6 43. Nd6 Ke5 44. Nxb7 Rd5 45. Ke2 Bd1+
46. Kf2 Bxg4 47. h5 Kf4 48. Na5 Rxa5 49. Kg2 Ra2+ 50. Kf1 Bxh5 51. Kg1 Kg3 52.
Kf1 Ra1# {Hossa checkmated} 0-1

[Event "ICS rated standard match"]
[Site "204.178.125.65"]
[Date "2000.07.31"]
[Round "?"]
[White "MissSilicon"]
[Black "Hossa"]
[Result "1/2-1/2"]
[WhiteElo "2469"]
[BlackElo "2303"]
[PlyCount "53"]
[EventDate "2000.??.??"]

1. e4 e5 2. f4 exf4 3. Nf3 g5 4. h4 g4 5. Ne5 Nf6 6. d4 d6 7. Nd3 Nxe4 8. Bxf4
Bg7 9. c3 O-O 10. Nd2 Re8 11. Nxe4 Rxe4+ 12. Be2 Nc6 13. g3 Bxd4 14. cxd4 Nxd4
15. Nc1 Qf6 16. O-O Nxe2+ 17. Nxe2 Qxb2 18. Qd5 Rxe2 19. Qg5+ Qg7 20. Qd8+ Qf8
21. Qg5+ Kh8 22. Qf6+ Qg7 23. Qd8+ Qg8 24. Qf6+ Qg7 25. Qd8+ Qg8 26. Qf6+ Qg7
27. Qd8+ 1/2-1/2

[Event "ICS rated standard match"]
[Site "204.178.125.65"]
[Date "2000.07.31"]
[Round "?"]
[White "Hossa"]
[Black "MissSilicon"]
[Result "1-0"]
[WhiteElo "2310"]
[BlackElo "2462"]
[PlyCount "121"]
[EventDate "2000.??.??"]

1. e4 d5 2. exd5 Nf6 3. d4 Nxd5 4. c4 Nb6 5. Nf3 Bg4 6. c5 N6d7 7. h3 Bxf3 8.
Qxf3 Nc6 9. d5 Nd4 10. Qe4 e5 11. dxe6 Nxe6 12. c6 Ndc5 13. Qc4 bxc6 14. Be3
Rb8 15. Qc2 Nd4 16. Qc4 Rb4 17. Qc1 Qd6 18. Na3 Qe6 19. Bc4 Rxc4 20. Qxc4 Qxc4
21. Nxc4 Nc2+ 22. Ke2 Nxa1 23. Rxa1 Be7 24. Rc1 Ne6 25. Bxa7 O-O 26. Be3 Ra8
27. a3 f6 28. Rd1 Rb8 29. Rd7 Kf7 30. f4 Rb5 31. Rd2 Rd5 32. g4 Bd6 33. Rxd5
cxd5 34. Nxd6+ cxd6 35. b4 d4 36. Bd2 g6 37. a4 Ke7 38. a5 Kd7 39. b5 Nc5 40.
a6 Kc8 41. Kf3 Kb8 42. f5 gxf5 43. gxf5 Ka7 44. Bf4 d5 45. Ke2 Ne4 46. Kd3 Nc3
47. Kxd4 Ne2+ 48. Ke3 Nc3 49. Bg5 Nxb5 50. Bxf6 Nd6 51. Kf4 Nf7 52. Bb2 Kxa6
53. f6 Kb5 54. Kf5 Nd8 55. Bc3 d4 56. Bxd4 Kc6 57. Ke5 Kd7 58. Kd5 Ne6 59. Be3
Nf8 60. Bc5 Ke8 61. Bxf8 1-0

[Event "ICS rated standard match"]
[Site "204.178.125.65"]
[Date "2000.07.31"]
[Round "?"]
[White "MissSilicon"]
[Black "Hossa"]
[Result "1-0"]
[WhiteElo "2439"]
[BlackElo "2333"]
[PlyCount "61"]
[EventDate "2000.??.??"]

1. e4 e5 2. Nf3 Nf6 3. Nxe5 d6 4. Nf3 Nxe4 5. d4 d5 6. Bd3 Bb4+ 7. c3 Bd6 8.
Nbd2 Qe7 9. O-O f5 10. c4 c6 11. c5 Bc7 12. Re1 Be6 13. Nxe4 fxe4 14. Ng5 Bf5
15. f3 Ba5 16. Bd2 Bxd2 17. Qxd2 Qf6 18. Bf1 h6 19. fxe4 hxg5 20. exf5+ Kd8 21.
Qf2 Kc8 22. Re6 Qf7 23. Rae1 Qh5 24. Qg3 Nd7 25. Ba6 Kd8 26. Bxb7 Rb8 27. Bxc6
Qh4 28. Qd6 Qxh2+ 29. Qxh2 Rxh2 30. Kxh2 Nf6 31. Rd6+ 1-0

[Event "ICS rated blitz match"]
[Site "204.178.125.65"]
[Date "2000.07.31"]
[Round "?"]
[White "Hossa"]
[Black "Einsteller"]
[Result "1-0"]
[WhiteElo "2501"]
[BlackElo "2152"]
[PlyCount "67"]
[EventDate "2000.??.??"]

1. d4 Nf6 2. c4 g6 3. Nc3 Bg7 4. Nf3 d6 5. e4 O-O 6. e5 Nfd7 7. exd6 cxd6 8.
Be3 e5 9. Be2 Nc6 10. d5 Ne7 11. Bd3 h6 12. Qd2 Kh7 13. Nb5 Nc5 14. Bxc5 dxc5
15. d6 Nc6 16. Rd1 f5 17. Be2 Bd7 18. Nc7 Rc8 19. Nd5 e4 20. Ng1 Nd4 21. Ne7
Ra8 22. b4 b6 23. bxc5 bxc5 24. Nh3 Ba4 25. Rc1 Qxd6 26. Nd5 Rfb8 27. Nc3 Bc6
28. Nf4 g5 29. Nfd5 Re8 30. Bh5 f4 31. Bxe8 e3 32. Qd3+ Kh8 33. Bxc6 Qxc6 34.
fxe3 {Einsteller resigns} 1-0

[Event "ICS rated standard match"]
[Site "204.178.125.65"]
[Date "2000.07.31"]
[Round "?"]
[White "Hossa"]
[Black "Halo"]
[Result "1/2-1/2"]
[WhiteElo "2322"]
[BlackElo "2184"]
[PlyCount "89"]
[EventDate "2000.??.??"]

1. e4 e6 2. d4 d5 3. Nc3 Bb4 4. e5 c5 5. Nf3 Ne7 6. a3 Bxc3+ 7. bxc3 b6 8. Bb5+
Bd7 9. a4 Bxb5 10. axb5 a6 11. dxc5 bxc5 12. c4 Nd7 13. cxd5 Nxd5 14. bxa6 Qb6
15. c4 Nb4 16. Bb2 Rxa6 17. Rxa6 Qxa6 18. Qb3 Nb6 19. Nd2 Qa4 20. Qxa4+ Nxa4
21. Ba1 Ke7 22. Ne4 Rd8 23. Ke2 Rd3 24. Rb1 Ra3 25. Nd6 Ra2+ 26. Kf3 Ra3+ 27.
Kg4 f5+ 28. Kh4 Ra2 29. Kg3 Ra3+ 30. f3 Ra2 31. Bd4 cxd4 32. Rxb4 d3 33. Rb7+
Kd8 34. Nf7+ Kc8 35. Nd6+ Kd8 36. Nf7+ Kc8 37. Nd6+ Kd8 38. f4 d2 39. Nf7+ Ke8
40. Nd6+ Kf8 41. Rb8+ Ke7 42. Rb7+ Kd8 43. Nf7+ Kc8 44. Nd6+ Kd8 45. Nf7+
1/2-1/2

[Event "ICS rated standard match"]
[Site "204.178.125.65"]
[Date "2000.07.31"]
[Round "?"]
[White "Tinker"]
[Black "Hossa"]
[Result "1/2-1/2"]
[WhiteElo "2373"]
[BlackElo "2316"]
[PlyCount "168"]
[EventDate "2000.??.??"]

1. e4 c5 2. Nf3 d6 3. Bc4 Nf6 4. e5 d5 5. Bb5+ Bd7 6. Bxd7+ Nfxd7 7. e6 fxe6 8.
Ng5 Qb6 9. Qg4 Nf6 10. Qxe6 Na6 11. O-O Nc7 12. Qxb6 axb6 13. Re1 h6 14. Ne6
Nxe6 15. Rxe6 Ra6 16. Nc3 Kd7 17. Re2 e6 18. Nb5 Ra5 19. a4 Ne8 20. d3 Nd6 21.
Nc3 d4 22. Nd1 b5 23. b3 bxa4 24. Bd2 Ra8 25. bxa4 c4 26. Bf4 Ra5 27. Be5 b5
28. dxc4 Nxc4 29. Bxd4 Rxa4 30. Rc1 Rg8 31. Nc3 Ra5 32. Rd1 Bd6 33. Ne4 Ke7 34.
Nxd6 Nxd6 35. Bc5 Ra6 36. Rde1 Re8 37. Rxe6+ Kf7 38. Rxe8 Nxe8 39. f4 Rc6 40.
Re7+ Kf6 41. Re5 Nc7 42. g3 Ne6 43. Be3 b4 44. Re4 Rxc2 45. Rxb4 h5 46. h3 Ra2
47. Rb6 Re2 48. Bd4+ Kf7 49. Rb7+ Kf8 50. Be5 g6 51. Kf1 Rh2 52. Bd6+ Kg8 53.
Be5 Kf8 54. Rd7 h4 55. gxh4 Rxh3 56. Kg2 Rxh4 57. Kg3 Rh1 58. Bd6+ Kg8 59. Be5
Kf8 60. Rd5 Ke7 61. Kg2 Rh4 62. Bd6+ Kf7 63. Kg3 Rh1 64. Be5 Ke7 65. Rd3 Rg1+
66. Kf2 Rc1 67. Rd5 Rc2+ 68. Ke3 Ra2 69. Bd6+ Kf6 70. Rb5 g5 71. Be5+ Kg6 72.
fxg5 Nxg5 73. Bd6 Ra4 74. Kd3 Ne6 75. Be5 Nc5+ 76. Rxc5 Ra3+ 77. Kc2 Ra2+ 78.
Bb2 Kh6 79. Kb1 Ra4 80. Bh8 Rb4+ 81. Ka1 Ra4+ 82. Kb1 Rb4+ 83. Ka1 Ra4+ 84. Kb1
Rb4+ 1/2-1/2

[Event "ICS Rated standard match"]
[Site "204.178.125.65"]
[Date "2000.07.31"]
[Round "?"]
[White "Beadle"]
[Black "Hossa"]
[Result "1-0"]
[WhiteElo "2411"]
[BlackElo "2319"]
[PlyCount "97"]
[EventDate "2000.??.??"]

1. Nf3 d5 2. c4 dxc4 3. e3 Be6 4. Na3 Bd5 5. Bxc4 e6 6. b3 Nc6 7. Bb2 e5 8. Bb5
e4 9. Nd4 Nge7 10. Qh5 a6 11. Nxc6 Bxc6 12. Bc4 Ng6 13. Nc2 b5 14. Nd4 bxc4 15.
Nxc6 Qd6 16. Nd4 Ne5 17. O-O cxb3 18. axb3 Qd5 19. Ne6 Nf3+ 20. Qxf3 Qxe6 21.
Qg3 c5 22. f3 Rd8 23. Ra4 exf3 24. Qxf3 Be7 25. Bxg7 Rg8 26. Re4 Qxe4 27. Qxe4
Rxg7 28. Rf2 Rg6 29. Qa4+ Kf8 30. Qc4 Rg7 31. Qxa6 h5 32. Qh6 Rd5 33. e4 Rdg5
34. h4 Rg3 35. Qh8+ Rg8 36. Qe5 Ke8 37. Qb8+ Kd7 38. Qb7+ Kd8 39. d4 f6 40. Ra2
Ke8 41. Ra8+ Bd8 42. Qc6+ Kf7 43. Qd7+ Kg6 44. Ra7 Rxg2+ 45. Kxg2 Bc7 46. Qxc7
Kh6+ 47. Kh2 Rg2+ 48. Kxg2 f5 49. Qg7# {Hossa checkmated} 1-0

[Event "ICS rated standard match"]
[Site "204.178.125.65"]
[Date "2000.07.31"]
[Round "?"]
[White "Hossa"]
[Black "Tinker"]
[Result "1/2-1/2"]
[WhiteElo "2307"]
[BlackElo "2370"]
[PlyCount "144"]
[EventDate "2000.??.??"]

1. e4 d5 2. exd5 Qxd5 3. Nc3 Qe6+ 4. Nge2 Nf6 5. d4 Bd7 6. d5 Qd6 7. Bf4 e5 8.
dxe6 Qxe6 9. Qd2 Na6 10. Be3 Bb4 11. a3 Bxc3 12. Qxc3 O-O 13. Nf4 Qd6 14. Rd1
Qc6 15. Qc4 Ng4 16. Qxc6 Bxc6 17. Bxa6 bxa6 18. Nd5 Nxe3 19. fxe3 Rae8 20. Kf2
Bb5 21. b3 c6 22. Nf4 a5 23. c4 Ba6 24. Rd6 Rc8 25. Nd3 Rcd8 26. Rd4 Bc8 27.
Nc5 Rxd4 28. exd4 Rd8 29. Re1 Kf8 30. Re4 Rd6 31. h4 f5 32. Rf4 Ke7 33. h5 Rh6
34. Rh4 g6 35. Ke3 Rxh5 36. Rxh5 gxh5 37. g3 Kd6 38. Kf4 h6 39. a4 a6 40. Ke3
Ke7 41. Nd3 Bd7 42. Ne5 Kd6 43. Kf4 Bc8 44. Ng6 Ke6 45. Nh4 Kf6 46. Nf3 Ke6 47.
Ke3 Bd7 48. Ke2 Kd6 49. Nh4 Bc8 50. Kf2 Ke7 51. Ng6+ Kf6 52. Ne5 c5 53. Ke3
cxd4+ 54. Kxd4 Be6 55. Nf3 Bc8 56. Ke3 Bb7 57. Kf4 Bxf3 58. Kxf3 Ke5 59. Ke3
Kf6 60. Kf2 Ke5 61. Kg2 f4 62. Kf3 fxg3 63. Kxg3 Kf6 64. Kh4 Kg6 65. Kh3 Kf7
66. Kh2 Ke6 67. Kh1 Kd7 68. Kg2 Ke7 69. Kh3 Kf7 70. Kh4 Kg6 71. Kg3 Kf6 72. Kh4
Kg6 1/2-1/2

[Event "ICS rated standard match"]
[Site "204.178.125.65"]
[Date "2000.07.31"]
[Round "?"]
[White "Esen"]
[Black "Hossa"]
[Result "1/2-1/2"]
[WhiteElo "1910"]
[BlackElo "2310"]
[PlyCount "72"]
[EventDate "2000.??.??"]

1. d4 Nf6 2. e3 g6 3. Bd3 Bg7 4. f4 O-O 5. Nf3 d5 6. O-O Bg4 7. h3 Bc8 8. Bd2
Ne4 9. Nc3 Nxd2 10. Qxd2 b6 11. Ne2 c5 12. c3 Bf6 13. Ne5 Kh8 14. Kh1 Qc7 15.
Rac1 e6 16. Ng1 Rg8 17. Ngf3 Nc6 18. Nxc6 Qxc6 19. Ne5 Qc7 20. a3 Bh4 21. Kh2
c4 22. Bc2 Ba6 23. g3 Bf6 24. h4 Bg7 25. Kg2 f6 26. Nf3 Bh6 27. Rh1 Raf8 28.
Rcf1 Bb7 29. g4 Rf7 30. g5 Bf8 31. gxf6 Rxf6 32. Ne5 Bd6 33. Qe2 Rgf8 34. Ng4
R6f7 35. Ne5 Rf6 36. Ng4 R6f7 1/2-1/2

[Event "ICS Rated standard match"]
[Site "204.178.125.65"]
[Date "2000.07.31"]
[Round "?"]
[White "Hossa"]
[Black "Beadle"]
[Result "0-1"]
[WhiteElo "2297"]
[BlackElo "2423"]
[PlyCount "96"]
[EventDate "2000.??.??"]

1. e4 e5 2. Nf3 Nc6 3. d4 exd4 4. Nxd4 Nf6 5. Nxc6 bxc6 6. Bd3 Bc5 7. e5 Nd5 8.
Qg4 Kf8 9. Qe2 d6 10. a3 Qh4 11. g3 Qd4 12. c4 Bg4 13. f3 Re8 14. Nd2 Rxe5 15.
Ne4 Nf6 16. Be3 Qxe3 17. Qxe3 Bxe3 18. Nxf6 Bc8 19. Nxh7+ Kg8 20. Kd1 Re8 21.
Kc2 f5 22. Nf6+ gxf6 23. Rae1 f4 24. Bg6 Re5 25. gxf4 Bxf4 26. Rxe5 fxe5 27. h4
Kg7 28. h5 Kf6 29. a4 Be6 30. b3 d5 31. Kc3 a6 32. Kd3 Rb8 33. Kc3 Be3 34. Bd3
d4+ 35. Kc2 Bf5 36. Bxf5 Kxf5 37. Rh3 Rg8 38. b4 Bh6 39. c5 Rg1 40. Kd3 Rc1 41.
Ke2 Rc2+ 42. Ke1 d3 43. f4 e4 44. b5 Bxf4 45. bxa6 d2+ 46. Ke2 Rc1 47. Kf2 d1=Q
48. Rh4 Qf1# {Hossa checkmated} 0-1

[Event "ICS rated standard match"]
[Site "204.178.125.65"]
[Date "2000.07.31"]
[Round "?"]
[White "Varguz"]
[Black "Hossa"]
[Result "1-0"]
[WhiteElo "2611"]
[BlackElo "2287"]
[PlyCount "131"]
[EventDate "2000.??.??"]

1. c4 e5 2. Nc3 Nf6 3. Nf3 Nc6 4. g3 g6 5. Bg2 Bg7 6. O-O d6 7. d3 a6 8. Bg5 h6
9. Bxf6 Bxf6 10. Nd5 Bg7 11. e4 a5 12. Re1 a4 13. Nc3 a3 14. bxa3 Bg4 15. a4
Qd7 16. Rb1 b6 17. Nb5 O-O 18. a3 f6 19. Qc2 Bh5 20. Nd2 Rab8 21. Bf3 Bxf3 22.
Nxf3 f5 23. exf5 Rxf5 24. Nd2 Rbf8 25. Ne4 R5f7 26. Re2 Qg4 27. Rbe1 Bh8 28.
Re3 g5 29. Qa2 Nd4 30. Nxd4 exd4 31. R3e2 Qh3 32. a5 bxa5 33. c5 Be5 34. Qc4
Kh7 35. cxd6 cxd6 36. Qd5 Rd7 37. a4 Qf5 38. Qxa5 Rdf7 39. Qb5 Kh8 40. a5 Qf3
41. Qc4 Qf5 42. a6 Kh7 43. Rb2 Qf3 44. Rb7 Kh8 45. Qd5 Rf5 46. Qe6 Bg7 47. a7
g4 48. Qe7 R5f7 49. Qxf7 Rxf7 50. Rxf7 Qxf7 51. a8=Q+ Kh7 52. Nxd6 Qg6 53. Ne8
Bf8 54. Qd5 Kh8 55. Qxd4+ Kg8 56. Nf6+ Kg7 57. Nd7+ Kg8 58. Nxf8 Qf7 59. Nd7 h5
60. Qd6 h4 61. Re7 hxg3 62. Qb8+ Kg7 63. Qf8+ Kg6 64. Qxf7+ Kh6 65. Qf6+ Kh5
66. Rh7# 1-0

[Event "ICS rated standard match"]
[Site "204.178.125.65"]
[Date "2000.07.31"]
[Round "?"]
[White "Hossa"]
[Black "Varguz"]
[Result "0-1"]
[WhiteElo "2283"]
[BlackElo "2615"]
[PlyCount "126"]
[EventDate "2000.??.??"]

1. e4 c5 2. Nf3 d6 3. d4 cxd4 4. Nxd4 Nf6 5. Nc3 e6 6. g3 a6 7. Bg2 Qc7 8. Bg5
Be7 9. Qf3 h6 10. Bc1 e5 11. Nf5 Bxf5 12. Qxf5 Nc6 13. Qf3 O-O 14. a3 Nd4 15.
Qd1 Qb6 16. Rb1 Nb5 17. Be3 Qa5 18. Bd2 Nxc3 19. Bxc3 Qc5 20. Qd3 Rac8 21. Rd1
Rc6 22. Bh3 Bd8 23. Qe2 a5 24. a4 Bc7 25. Bg2 Bb6 26. Rg1 Qc4 27. Qxc4 Rxc4 28.
Rxd6 Bc7 29. Rd2 Nxe4 30. b3 Nxd2 31. bxc4 Nxc4 32. Ke2 Nd6 33. Rd1 b6 34. Bd5
Kh7 35. h4 f6 36. h5 Rc8 37. Bd2 Bb8 38. c3 Rc5 39. Be6 Bc7 40. g4 b5 41. axb5
Nxb5 42. Rc1 a4 43. Bf7 Nd6 44. Be3 Rb5 45. Bg6+ Kg8 46. c4 Rb2+ 47. Kf3 a3 48.
c5 Nb5 49. Rc4 a2 50. Ra4 Kf8 51. Ra8+ Ke7 52. Kg3 Nc3 53. Ra7 Rb7 54. Rxb7
a1=Q 55. f3 Qe1+ 56. Kg2 Nd5 57. Rxc7+ Kd8 58. Rd7+ Kxd7 59. Bg5 hxg5 60. Kh2
Qf2+ 61. Kh1 Nf4 62. c6+ Kc7 63. Be4 Qg2# 0-1

[Event "ICS rated blitz match"]
[Site "204.178.125.65"]
[Date "2000.08.01"]
[Round "?"]
[White "Tinker"]
[Black "Hossa"]
[Result "0-1"]
[WhiteElo "2508"]
[BlackElo "2505"]
[PlyCount "88"]
[EventDate "2000.??.??"]

1. e4 e5 2. Nc3 Nf6 3. Nf3 Nc6 4. d4 exd4 5. Nxd4 Bb4 6. Nxc6 bxc6 7. Bg5 O-O
8. Qf3 d5 9. e5 Re8 10. O-O-O Rxe5 11. Bxf6 Qxf6 12. Qxf6 gxf6 13. Bd3 Bxc3 14.
bxc3 Rb8 15. Kd2 Rb2 16. Rb1 Rb6 17. Rxb6 cxb6 18. f4 Re8 19. Re1 Rxe1 20. Kxe1
c5 21. a3 Kg7 22. Kd2 c4 23. Be2 f5 24. g3 Bb7 25. Ke3 Kf6 26. h3 Ke7 27. Kd4
a5 28. Bf3 Ke6 29. g4 fxg4 30. hxg4 f6 31. g5 fxg5 32. fxg5 Kf5 33. Bxd5 Bxd5
34. Kxd5 b5 35. Kc5 Kxg5 36. Kd4 Kf4 37. Kc5 Ke4 38. Kxb5 Kd5 39. Kxa5 Kc5 40.
a4 h5 41. Ka6 h4 42. a5 h3 43. Kb7 h2 44. Kc7 Kb5 0-1

[Event "ICS rated blitz match"]
[Site "204.178.125.65"]
[Date "2000.08.01"]
[Round "?"]
[White "Hossa"]
[Black "Tinker"]
[Result "0-1"]
[WhiteElo "2521"]
[BlackElo "2492"]
[PlyCount "110"]
[EventDate "2000.??.??"]

1. e4 d5 2. exd5 Qxd5 3. Nc3 Qe6+ 4. Nge2 Na6 5. d4 Nf6 6. d5 Qd6 7. Nf4 Nb4 8.
a3 Qe5+ 9. Be2 g5 10. axb4 gxf4 11. O-O Rg8 12. Re1 Bd7 13. Bf3 Qd6 14. Qd4 Bg4
15. Bxg4 Rxg4 16. f3 Rg6 17. Rxa7 Rxa7 18. Qxa7 Bh6 19. Qxb7 Kf8 20. Qc8+ Ne8
21. Re4 e5 22. Kf1 Qe7 23. Re2 Qg5 24. Nb5 Qe7 25. Bd2 Bg5 26. Na7 Qd6 27. Nc6
Qxd5 28. Nxe5 Re6 29. c4 Qd6 30. Bc3 Kg8 31. Rd2 Qa6 32. Qd7 Re7 33. Qd5 Bf6
34. Nc6 Re6 35. Bxf6 Rxf6 36. Qg5+ Kh8 37. Na5 Qb6 38. Rd8 Re6 39. Qxf4 Qxb4
40. Qd4+ Kg8 41. Qc3 Qe7 42. Nb7 c6 43. Qb3 Re1+ 44. Kf2 Qe2+ 45. Kg3 Qe5+ 46.
Kh3 Re2 47. Rxe8+ Qxe8 48. c5 Qd7+ 49. g4 Qd2 50. Kg3 Rg2+ 51. Kh3 Rg1 52.
Qxf7+ Kxf7 53. Nd6+ Kg6 54. Nf5 Qg2+ 55. Kh4 Qxh2# 0-1

[Event "ICS rated blitz match"]
[Site "204.178.125.65"]
[Date "2000.08.01"]
[Round "?"]
[White "Tinker"]
[Black "Hossa"]
[Result "1-0"]
[WhiteElo "2509"]
[BlackElo "2504"]
[PlyCount "143"]
[EventDate "2000.??.??"]

1. e4 e5 2. Nc3 Nf6 3. Nf3 Nc6 4. d4 exd4 5. Nxd4 Bb4 6. Nxc6 bxc6 7. Qd4 Qe7
8. f3 Bc5 9. Qd3 a5 10. Be3 Bxe3 11. Qxe3 Rb8 12. Rb1 d5 13. Be2 h6 14. O-O Rb6
15. e5 Nd7 16. f4 Qc5 17. Qxc5 Nxc5 18. a3 d4 19. b4 axb4 20. axb4 Nd7 21. Na4
Rb8 22. Rfd1 g5 23. Bh5 Kf8 24. Rxd4 c5 25. Rc4 cxb4 26. Rxc7 gxf4 27. Rd1 b3
28. cxb3 Nxe5 29. Rd5 Ng6 30. Bxg6 Be6 31. Re5 Bxb3 32. Nc5 Kg7 33. Bf5 Ba2 34.
Rce7 Rb2 35. Na4 Rd2 36. Nc3 Rg8 37. Nxa2 Rxa2 38. Be6 Rxg2+ 39. Kxg2 Kf6+ 40.
Bg4 Rxg4+ 41. Kf3 Rh4 42. Re2 Kg6 43. Rg2+ Kf6 44. Rc7 Ke6 45. Re2+ Kf6 46. Re4
Rh3+ 47. Kg4 Rxh2 48. Rxf4+ Ke6 49. Rcxf7 Rg2+ 50. Kh3 Rg6 51. Rh7 Kd5 52. Rh4
Rg1 53. R7xh6 Ke5 54. Ra6 Re1 55. Ra5+ Kd6 56. Rh6+ Kc7 57. Ra7+ Kb8 58. Rhh7
Re3+ 59. Kh4 Re1 60. Rae7 Rh1+ 61. Kg5 Rg1+ 62. Kf6 Rf1+ 63. Kg7 Rg1+ 64. Kf8
Rf1+ 65. Rhf7 Rc1 66. Re8+ Rc8 67. Rxc8+ Kxc8 68. Ke8 Kb8 69. Kd8 Ka8 70. Kc7
Ka7 71. Rf6 Ka8 72. Ra6# 1-0

[Event "ICS rated blitz match"]
[Site "204.178.125.65"]
[Date "2000.08.01"]
[Round "?"]
[White "Beadle"]
[Black "Hossa"]
[Result "0-1"]
[WhiteElo "2546"]
[BlackElo "2488"]
[PlyCount "168"]
[EventDate "2000.??.??"]

1. d4 Nf6 2. c4 e6 3. Nc3 Bb4 4. Qc2 O-O 5. a3 Bxc3+ 6. Qxc3 b6 7. Bg5 Bb7 8.
f3 h6 9. Bh4 d5 10. e3 Nbd7 11. cxd5 Nxd5 12. Bxd8 Nxc3 13. Bxc7 Nd5 14. Bf4
Rfc8 15. Bb5 N7f6 16. Ne2 Nh5 17. Kd2 Nhxf4 18. Nxf4 Nxf4 19. exf4 Rd8 20. Ke3
g6 21. Rhc1 Rac8 22. Rc3 a6 23. Bd3 b5 24. a4 Rxc3 25. bxc3 bxa4 26. Rxa4 Rc8
27. c4 f5 28. c5 Ra8 29. Bc4 Kf7 30. Rb4 Bd5 31. Bxd5 exd5 32. Rb7+ Ke6 33.
Rb6+ Kf7 34. h4 a5 35. h5 a4 36. hxg6+ Kg7 37. Rb2 Kxg6 38. Ra2 Kf6 39. Ra3 h5
40. g3 Ke7 41. Kf2 Ke6 42. Kg2 Kf7 43. Kh3 Kg6 44. Kh2 Kf6 45. Kg1 Ra6 46. Kf1
Ke7 47. Ke2 Kd7 48. Ke3 Ra8 49. Ra2 a3 50. Kd2 Kc6 51. Kd3 Ra4 52. Ke3 Kb5 53.
Ra1 a2 54. Kd3 Kb4 55. c6 Kb3 56. g4 hxg4 57. fxg4 fxg4 58. c7 Rc4 59. f5 Rxc7
60. Ke3 Rc3+ 61. Kf4 g3 62. f6 g2 63. Rd1 Kb2 64. f7 Rc8 65. Kf3 Rf8 66. Rd2+
Kc3 67. Rd1 Rxf7+ 68. Kxg2 a1=R 69. Rxa1 Kxd4 70. Kg3 Ke3 71. Ra3+ Ke4 72. Ra8
d4 73. Re8+ Kd3 74. Kg2 Kd2 75. Kg3 d3 76. Rc8 Kd1 77. Kg4 d2 78. Kg3 Rf5 79.
Rc7 Ke2 80. Re7+ Kd3 81. Rd7+ Ke3 82. Rd6 Rf3+ 83. Kg2 Rf4 84. Kg3 Rd4 0-1

[Event "ICS rated blitz match"]
[Site "204.178.125.65"]
[Date "2000.08.01"]
[Round "?"]
[White "Hossa"]
[Black "Beadle"]
[Result "0-1"]
[WhiteElo "2507"]
[BlackElo "2527"]
[PlyCount "134"]
[EventDate "2000.??.??"]

1. d4 Nf6 2. c4 e6 3. Nf3 b6 4. g3 Ba6 5. b3 Bb7 6. Bg2 Bb4+ 7. Bd2 c5 8. Bxb4
cxb4 9. Nbd2 O-O 10. e3 d6 11. Nh4 Bxg2 12. Nxg2 Nc6 13. g4 e5 14. d5 Ne7 15.
f4 Nd7 16. Ne4 exf4 17. Nxf4 Ne5 18. Rf1 Qd7 19. h3 f5 20. gxf5 Nxf5 21. Kd2
Qe7 22. Ne6 Qh4 23. N4g5 h6 24. Qc2 Qg3 25. Kc1 hxg5 26. Nxf8 Rxf8 27. Qe2 Nxe3
28. Rxf8+ Kxf8 29. a3 bxa3 30. Kb1 b5 31. cxb5 Nxd5 32. Qf1+ Qf4 33. Qxf4+ gxf4
34. Kc1 Nc3 35. Rxa3 Nxb5 36. Ra4 f3 37. Kd2 Ke7 38. Ra5 Nd4 39. Rxa7+ Kf6 40.
Ke3 Nxb3 41. Ra8 d5 42. Rf8+ Ke7 43. Rg8 d4+ 44. Kf2 Nd2 45. Ke1 Kf7 46. Rd8 d3
47. Rd4 Ndc4 48. h4 d2+ 49. Kf2 Ke6 50. h5 Nc6 51. Rd3 Nb4 52. Rd4 Ke5 53. Rxd2
Nxd2 54. Ke3 Ne4 55. Kxf3 Nd5 56. Ke2 Nf4+ 57. Ke1 Nxh5 58. Kd1 Nf4 59. Kc2 g5
60. Kd1 g4 61. Kc1 g3 62. Kc2 g2 63. Kb2 g1=Q 64. Kc2 Qb6 65. Kc1 Qf2 66. Kb1
Nd3 67. Ka1 Qb2# 0-1

[Event "ICS rated standard match"]
[Site "204.178.125.65"]
[Date "2000.08.01"]
[Round "?"]
[White "Karol"]
[Black "Hossa"]
[Result "0-1"]
[WhiteElo "2169"]
[BlackElo "2279"]
[PlyCount "47"]
[EventDate "2000.??.??"]

1. d4 Nf6 2. Nf3 d5 3. e3 g6 4. Nbd2 e6 5. c4 Bg7 6. Bd3 h6 7. Ne5 Nbd7 8. f4
g5 9. O-O gxf4 10. exf4 dxc4 11. Ndxc4 Rg8 12. Bd2 Rb8 13. Rc1 Nd5 14. Ne3 Nxe3
15. Bxe3 c6 16. Qh5 Rf8 17. d5 Nxe5 18. fxe5 exd5 19. Bg6 Be6 20. Bxa7 Ra8 21.
Bc5 Qg5 22. Bxf8 Qxh5 23. Bxh5 Kxf8 24. Bg6 {Karol resigns} 0-1

[Event "ICS rated standard match"]
[Site "204.178.125.65"]
[Date "2000.08.01"]
[Round "?"]
[White "Hossa"]
[Black "QueenMaxima"]
[Result "1-0"]
[WhiteElo "2290"]
[BlackElo "2375"]
[PlyCount "107"]
[EventDate "2000.??.??"]

1. e4 c5 2. Nf3 e6 3. Nc3 a6 4. d3 Nc6 5. d4 cxd4 6. Nxd4 Bb4 7. Nxc6 Bxc3+ 8.
bxc3 bxc6 9. Qd6 Qf6 10. e5 Qh4 11. Be3 Ne7 12. Bd3 Nd5 13. Bd2 f6 14. c4 Ne7
15. g3 Qh5 16. exf6 gxf6 17. Bb4 Qf7 18. O-O-O a5 19. Bc5 h5 20. Rhe1 h4 21.
gxh4 Rxh4 22. Bf5 e5 23. Bxd7+ Bxd7 24. Qxd7+ Kf8 25. Qxc6 Re8 26. Rd7 Rd4 27.
Rxd4 exd4 28. Qd7 a4 29. Qxd4 Qg6 30. Rxe7 Rxe7 31. Qd8+ Kg7 32. Qxe7+ Kh6 33.
Bd4 Kg5 34. Qe3+ Kh4 35. Qg3+ Qxg3 36. fxg3+ Kg5 37. c5 Kf5 38. Bf2 Ke6 39. h4
f5 40. h5 f4 41. gxf4 a3 42. Bd4 Kd7 43. h6 Kc7 44. h7 Kc8 45. h8=R+ Kc7 46.
Kd2 Kc6 47. Ke3 Kd7 48. Ke4 Kc6 49. Rh6+ Kd7 50. c6+ Ke7 51. Kd5 Kf7 52. c7 Ke8
53. Ke6 Kf8 54. c8=Q# 1-0

[Event "ICS Rated standard match"]
[Site "204.178.125.65"]
[Date "2000.08.01"]
[Round "?"]
[White "AtomicDog"]
[Black "Hossa"]
[Result "0-1"]
[WhiteElo "2135"]
[BlackElo "2310"]
[PlyCount "64"]
[EventDate "2000.??.??"]

1. d4 Nf6 2. Nf3 e6 3. c4 Bb4+ 4. Bd2 Be7 5. e3 Ne4 6. Bd3 Nxd2 7. Nbxd2 O-O 8.
Qc2 f5 9. O-O b6 10. e4 d6 11. exf5 exf5 12. Rfe1 g6 13. Re2 Nc6 14. a3 Bf6 15.
d5 Ne5 16. Nd4 Re8 17. Rae1 Bd7 18. f4 Ng4 19. Ne6 Bxe6 20. dxe6 Bd4+ 21. Kh1
Rxe6 22. Rxe6 Nf2+ 23. Kg1 Nxd3+ 24. Kf1 Nxe1 25. Rxe1 Qf6 26. b4 a5 27. Nf3
Bc3 28. Rb1 axb4 29. axb4 Re8 30. Qa2 Qe6 31. Rc1 Qe3 32. Qb3 Qxc1+ {
AtomicDog resigns} 0-1

[Event "ICS rated standard match"]
[Site "204.178.125.65"]
[Date "2000.08.01"]
[Round "?"]
[White "Hossa"]
[Black "Thalarctos"]
[Result "1/2-1/2"]
[WhiteElo "2313"]
[BlackElo "2284"]
[PlyCount "155"]
[EventDate "2000.??.??"]

1. e4 e5 2. Nc3 Nf6 3. Nf3 Nc6 4. d4 exd4 5. Nxd4 Bb4 6. Nxc6 bxc6 7. Qd4 Qe7
8. f3 Bc5 9. Qd3 a5 10. Be3 Ba6 11. Bxc5 Qxc5 12. Qd2 Bxf1 13. Rxf1 O-O 14. g4
d5 15. g5 Nd7 16. O-O-O Nb6 17. Qd4 Qb4 18. a3 Qd6 19. f4 Rab8 20. exd5 cxd5
21. Qe5 Qxe5 22. fxe5 c6 23. b3 Rbe8 24. Rf5 Nd7 25. Nxd5 cxd5 26. Rxd5 g6 27.
Rf4 Nxe5 28. Rxa5 Re7 29. Rd5 Rc8 30. c4 Nd7 31. Kc2 Nf8 32. Rf2 Re3 33. Rd3
Re5 34. h4 Re4 35. Rh3 Ne6 36. Kc3 Nc5 37. Kb2 Rb8 38. Ka2 Ne6 39. a4 Nc5 40.
Rc2 Na6 41. Rch2 Rb7 42. Rf2 Nb4+ 43. Ka3 Re1 44. Kb2 Na6 45. h5 Re5 46. Rd2
Rb8 47. hxg6 fxg6 48. Rg2 Rbe8 49. Rgh2 R8e7 50. Rg3 Rb7 51. Ka3 Nb4 52. Rd2
Kg7 53. Rg1 Re3 54. Rgd1 Ree7 55. Rh1 Na6 56. Rdh2 Kg8 57. Rh3 Re5 58. Rg3 Re2
59. Rhg1 Nb4 60. R1g2 Re5 61. Kb2 Na6 62. Kc2 Nc5 63. Rd2 Rbe7 64. Rg4 Re3 65.
b4 Nxa4 66. Rd8+ Kg7 67. c5 Rf7 68. Kd2 Rb3 69. Kc2 Rc3+ 70. Kd1 Nxc5 71. bxc5
Rxc5 72. Ke2 Rcc7 73. Ra8 Rce7+ 74. Kd3 Rd7+ 75. Ke3 Rde7+ 76. Kd3 Rd7+ 77. Ke3
Rde7+ 78. Kd3 1/2-1/2